| 000 | 00729nam a22002057a 4500 | ||
|---|---|---|---|
| 005 | 20100813152251.0 | ||
| 010 | _aENG-100151 | ||
| 020 |
_a9781905863112 _c250.00 |
||
| 035 | _aEN-83683 | ||
| 037 | _bDBAD/PUB | ||
| 082 | _a615.535 | ||
| 100 |
_aChatterjee, Sneha _913334 |
||
| 245 |
_aCommon health problems and nature cure / _cby Sneha Chatterjee |
||
| 260 |
_aNew Delhi _bSter Publications _c2008 |
||
| 270 |
_a4/5B, Asaf Ali Road, _bNew Delhi _e110002 |
||
| 300 |
_a98p.: _bill _c25cm (pbk) |
||
| 650 |
_aNaturopathy _913335 |
||
| 942 |
_2ddc _cEN _h615.535 _mCHA |
||
| 999 |
_c41702 _d41702 |
||